Salute e salvezza. (Record n. 211311)

Dettagli MARC
000 -LEADER
campo di controllo lung. fissa 01437nam a2200229Ia 4500
001 - Numero di controllo
campo di controllo b5798-39107
003 - Identificatore del numero di controllo
campo di controllo IT-MiCISF
008 - Elementi di lunghezza fissa--Informazione generale
campo di controllo lung. fissa 161014s9999||||xx |||||||||||||| ||und||
040 ## - Fonte della catalogazione
Agenzia catalografica originale IT-MiCISF
Agenzia che fa la trascrizione IT-MiCISF
041 ## - Codice di lingua
Codice di lingua del testo/traccia sonora o titolo separato it
100 ## - Accesso principale -- nome di persona
Nome di persona Allievi Stefano (a cura di)
9 (RLIN) 60514
245 #0 - Formulazione del titolo
Titolo Salute e salvezza.
Complemento del titolo Le religioni di fronte alla nascita alla malattia e alla morte
260 ## - Pubblicazione, distribuzione, ecc. (stampa)
Nome dell'editore, distributore, ecc. Dehoniane, Bologna; Claudiana, Torino
Data di pubblicazione, distribuzione, ecc. 2003
300 ## - Descrizione fisica
Estensione pp. 101
500 ## - Nota generale
Nota generale pastorale, nascita, morte, malattia, religioni-non-cristiane, sanità
520 ## - Riassunto, ecc.
Nota di riassunto, ecc. Di fronte alla nascita, alla malattia e alla morte le diverse religioni ricorrono a linguaggi simbolici, credenze e usanze differenti. Chi opera negli ospedali, nei consultori e perfino nei cimiteri si trova oggi di fronte a richieste impreviste, impensabili in passato. Il presente sussidio - articolato a più voci, di taglio ecumenico - ha un carattere pratico, e intende offrire le principali nozioni di base a medici, infermieri, operatori sociali, religiosi e volontari per poter concretamente rispondere a queste domande. Alla fine, il curatore ha inserito una sintetica ma accurata nota bibliografica, che fornisce le indicazioni fondamentali per eventuali approfondimenti.
650 ## - Accesso aggiunto di soggetto--termine topico
Termine topico o nome geografico come accesso pastorale
Termine di ruolo 012
654 ## - Accesso aggiunto di soggetto--termini topici faccettati
Termine principale saggio
700 ## - Accesso aggiunto--nome di persona
Nome di persona Leone S., Ferrario F., Valdman T., Di Segni R., Merighi A., Siviero P., Falà M.A
9 (RLIN) 60515
942 ## - Dati aggiuntivi (Koha)
Tipo copia default (Koha) LIBRO
Fonte della classificazione o dello schema di collocazione (segnatura) Dewey Decimal Classification
999 ## - Sys Number locale (Koha)
Koha Dewey Subclass [OBSOLETE] si
Dati di copia
Ritirato (status) Perso (status) Danneggiato (status) Non per il presito Biblioteca proprietaria Biblioteca in cui si trova Data d'acquisizione Totale prestiti Collocazione Data ultima operazione Prezzo in vigore dal Tipo copia default (Koha) Nota pubblica
    Buone Condizioni Not For Loan CISF - Milano CISF - Milano 14/10/2016   b5798-39107 14/10/2016 14/10/2016 LIBRO Data import 15.10.2016 / by Epidotti, Vaglietti
CREDITS: SOCIETA' SAN PAOLO Via A.Severo, 58 - ROMA (RM) & PERIODICI SAN PAOLO SRL Via Giotto, 36 MILANO & CISF Via Giotto, 36 MILANO & EDIZIONI SAN PAOLO SRL,  Piazza Soncino, 5 CINISELLO BALSAMO (MI) -- ITALY